000 00940cam a2200205 i 4500
020 _a0309023017 :
082 0 0 _a625.725
_bEFF
_cD
245 0 0 _aEffect of curb geometry and location on vehicle behavior /
_cR. M. Olson ... [et al.] ; research sponsored by the American Association of State Highway and Transportation Officials in cooperation with the Federal Highway Administration.
260 _aWashington :
_bTransportation Research Board, National Research Council,
_c1974.
300 _a88 p. :
_bill. ;
_c28 cm.
490 1 _aNational Cooperative Highway Research Program. Report ;
526 _a0
_b0
_c0
_d625_725000000000000_EFF
650 0 _aCurbs
_xTesting.
_943629
650 0 _aMCE
_9379
700 1 _aOlson, Robert M.
_943384
710 1 _aUnited States.
_921185
710 2 _aAmerican Association of State Highway and Transportation Officials.
_919553
710 2 _aNational Research Council (U.S.).
_920017
942 _2ddc
_cBK
999 _c547432
_d547432